[Event "Bye 2011"]
[Site "SchemingMind.com"]
[Date "2011.12.18"]
[Round "-"]
[White "John Hamer"]
[Black "docjan"]
[Result "0-1"]
[WhiteCountry "ENG"]
[BlackCountry "SWE"]
[WhiteElo "1942"]
[WhiteRD "69"]
[BlackElo "2358"]
[BlackRD "58"]
[GameID "299371"]

1. d4 Nf6 2. Bf4 d6 3. Nf3 h6 4. e3 c5 5. Nc3 cxd4 6. exd4 e6 7. d5 e5 8. Be3 Be7 9. Bb5+ Nbd7 10. O-O O-O
11. a4 a6 12. Bc4 Ng4 13. Bd2 Qc7 14. Qe2 Nb6 15. Bb3 Bf5 16. a5 Nd7 17. h3 Ngf6 18. Rfe1 Bh7 19. Be3 Rac8 20. Na4 Bd8
21. Kh1 Qb8 22. Nc3 Nc5 23. Bc4 Nce4 24. Nxe4 Bxe4 25. Red1 Bxa5 26. Rxa5 Qc7 27. Ra4 b5 28. Rxa6 bxc4 29. Rc6= Qd7 30. Ra6 c3
31. b4 Rb8 32. Rb1 Nxd5 33. b5 Nc7 34. Ra5 Bxf3 35. Qxf3 Rxb5 36. Rbxb5 Nxb5 37. Qe4 Rb8 38. Ra8 Rxa8 39. Qxa8+ Kh7 40. Qd5 f5
41. Bc5 Qe8 42. Bb4 Kg6 43. Qf3 e4 44. Qg3+ Kh7 45. Bxc3 Qg6 46. Qxg6+ Kxg6 47. Bb4 d5 48. c3 h5 49. Kh2 f4 50. g4 hxg4
51. hxg4 Kf6 52. Kh3 g6 53. Kg2 Ke6 54. Ba5= Ke5 55. Bb4 d4
0-1

[Event "Bye 2011"]
[Site "SchemingMind.com"]
[Date "2011.12.20"]
[Round "-"]
[White "eun77"]
[Black "wiktor"]
[Result "0-1"]
[WhiteCountry "ISR"]
[BlackCountry "POL"]
[WhiteElo "1313"]
[WhiteRD "70"]
[BlackElo "1650"]
[BlackRD "127"]
[GameID "299372"]

1. d4 e6 2. e3 Nf6 3. Nf3 a6 4. Bd3 Nc6 5. O-O Bd6 6. a3 b6 7. h3 Bb7 8. c3 e5 9. dxe5 Nxe5 10. Nxe5 Bxe5
11. Nd2 g6 12. Nf3 Bd6 13. Re1 O-O 14. Nh2 Qe7 15. f3 Qe5 16. Nf1 Nh5 17. f4 Qd5 18. e4 Qc6
0-1

[Event "Bye 2011"]
[Site "SchemingMind.com"]
[Date "2011.12.20"]
[Round "-"]
[White "Juan Jose Rivas Maceda"]
[Black "Phillip Beckett"]
[Result "1-0"]
[WhiteCountry "PER"]
[BlackCountry "ENG"]
[WhiteElo "2153"]
[WhiteRD "186"]
[BlackElo "1669"]
[BlackRD "56"]
[GameID "299473"]

1. e4 e5 2. Nf3 Nc6 3. Bb5 a6 4. Ba4 Nf6 5. Qe2 b5 6. Bb3 Be7 7. c3 O-O 8. d4 d6 9. Nbd2 exd4 10. cxd4 Na5
11. Bc2 Bb7 12. O-O c5 13. e5 dxe5 14. dxe5 Nd5 15. Ne4 Nb4 16. Bb1 Nc4 17. b3 Nb6 18. a3 Nc6 19. Bb2 Kh8 20. Rd1 Qc7
21. Nfg5 h6 22. Nxf7+ Rxf7 23. Nd6 Bxd6 24. Qc2 g5 25. exd6+
1-0

[Event "Bye 2011"]
[Site "SchemingMind.com"]
[Date "2011.12.25"]
[Round "-"]
[White "dhlala"]
[Black "Olli Ylönen"]
[Result "1-0"]
[WhiteCountry "AUS"]
[BlackCountry "FIN"]
[WhiteElo "2305"]
[WhiteRD "105"]
[BlackElo "1815"]
[BlackRD "53"]
[GameID "299476"]

1. e4 e5 2. Nf3 Nc6 3. Bb5 f5 4. Nc3 fxe4 5. Nxe4 d5 6. Nxe5 dxe4 7. Nxc6 Qg5 8. Qe2 Nf6 9. Nxa7+ Bd7 10. Bxd7+ Nxd7
11. f4 Qc5 12. Nb5 Qxc2 13. Nc3 O-O-O 14. Qxe4 Qxe4+ 15. Nxe4 Re8 16. d3 Nc5 17. Ke2 Nxe4 18. dxe4 Rxe4+ 19. Kf3 Rc4 20. Be3 Rc2
21. Bd4 Bc5 22. Bxc5 Rxc5 23. Rac1 Rb5 24. Rc2 Rb4 25. Re1 Rf8 26. Re4 Rb5 27. Re7 Rbf5 28. Rcxc7+
1-0

[Event "Bye 2011"]
[Site "SchemingMind.com"]
[Date "2011.12.25"]
[Round "-"]
[White "emvarela"]
[Black "Ronald R. Nurmi"]
[Result "0-1"]
[WhiteCountry "ARG"]
[BlackCountry "USA"]
[WhiteElo "1819"]
[WhiteRD "48"]
[BlackElo "1963"]
[BlackRD "79"]
[GameID "299477"]

1. e4 d5 2. exd5 Qxd5 3. Nc3 Qd6 4. d4 Nf6 5. Nf3 c6 6. Ne5 Nbd7 7. Nc4 Qc7 8. Qf3 Nb6 9. Bf4 Qd7 10. Nxb6 axb6
11. O-O-O e6 12. Be5 Be7 13. Bxf6 Bxf6 14. Qe4 O-O 15. Bd3 g6 16. f4 Qxd4 17. a3 Qd7 18. Be2 Qc7 19. Rd3 e5 20. Rf3 Bf5
21. Qe3 exf4 22. Qxf4 Qxf4+
0-1

[Event "Bye 2011"]
[Site "SchemingMind.com"]
[Date "2011.12.23"]
[Round "-"]
[White "Vladimir2011"]
[Black "ampp"]
[Result "1-0"]
[WhiteCountry "BLR"]
[BlackCountry "POR"]
[WhiteElo "1980"]
[WhiteRD "117"]
[BlackElo "1120"]
[BlackRD "77"]
[GameID "299480"]

1. d4 d5 2. Bg5 f6 3. Bh4 Nc6 4. e3 Nh6 5. c4 dxc4 6. Bxc4 a6 7. Ne2 b5 8. Bb3 a5 9. Na3 b4 10. Nb5 Ba6
11. Ba4 Rb8 12. Na7 Bb7 13. Nxc6 Bxc6 14. Bxc6+
1-0

[Event "Bye 2011"]
[Site "SchemingMind.com"]
[Date "2011.12.20"]
[Round "-"]
[White "Phillip Beckett"]
[Black "Juan Jose Rivas Maceda"]
[Result "0-1"]
[WhiteCountry "ENG"]
[BlackCountry "PER"]
[WhiteElo "1669"]
[WhiteRD "56"]
[BlackElo "2153"]
[BlackRD "186"]
[GameID "299481"]

1. c4 Nf6 2. Nc3 c5 3. g3 e5 4. d3 d6 5. Bg2 Be7 6. Nf3 O-O 7. e4 Nc6 8. O-O h6 9. a3 Bg4 10. h3 Bd7
11. Nd5 a5 12. Rb1 a4 13. Be3 Nd4 14. Nxd4 exd4 15. Bf4 Nxd5 16. exd5 b5 17. b4 axb3 18. Qxb3 bxc4 19. dxc4 Bf5 20. Rbd1 Qd7
21. Kh2 Rfb8 22. Qf3 Bc2 23. Rd2 Rb3 24. Qe2 Rbxa3 25. Be4 Bxe4 26. Qxe4 g5 27. Re1 Bf6 28. Bxg5 hxg5
0-1

[Event "Bye 2011"]
[Site "SchemingMind.com"]
[Date "2011.12.25"]
[Round "-"]
[White "Olli Ylönen"]
[Black "dhlala"]
[Result "0-1"]
[WhiteCountry "FIN"]
[BlackCountry "AUS"]
[WhiteElo "1815"]
[WhiteRD "53"]
[BlackElo "2305"]
[BlackRD "105"]
[GameID "299484"]

1. e4 c5 2. Nf3 g6 3. d4 cxd4 4. Qxd4 Nf6 5. Bb5 a6 6. e5 axb5 7. exf6 Nc6 8. fxe7 Qxe7+ 9. Qe3 Bg7 10. c3 O-O
11. Qxe7 Nxe7 12. O-O Nc6 13. Na3 b4 14. cxb4 Rxa3 15. bxa3 Bxa1 16. Re1 Nd4 17. Bh6 Nxf3+ 18. gxf3 Bg7 19. Bxg7 Kxg7 20. f4 d5
21. Rd1 Rd8 22. Kf1 d4 23. Ke2 b6 24. a4 Bf5 25. a5 d3+ 26. Kd2 bxa5 27. bxa5 Ra8 28. Ke3 Rxa5
0-1

[Event "Bye 2011"]
[Site "SchemingMind.com"]
[Date "2011.12.25"]
[Round "-"]
[White "Ronald R. Nurmi"]
[Black "emvarela"]
[Result "1/2-1/2"]
[WhiteCountry "USA"]
[BlackCountry "ARG"]
[WhiteElo "1960"]
[WhiteRD "82"]
[BlackElo "1803"]
[BlackRD "48"]
[GameID "299485"]

1. d4 Nf6 2. Bf4 e6 3. e3 d5 4. Nd2 Be7 5. Ngf3 O-O 6. h3 b6 7. Bd3 Bb7 8. O-O c5 9. c3 Nc6 10. a4 cxd4
11. exd4 Bd6 12. Ne5 Bxe5 13. dxe5 Nd7 14. Nf3 Nc5 15. Bc2 a5 16. Nd4 Nxd4 17. cxd4 Nd7 18. Qh5 g6 19. Qd1 Ba6 20. Re1 Rc8
21. Rc1 Qe7 22. Bh6 Rfe8 23. b3 Qh4 24. Be3 f6 25. exf6 Nxf6 26. Bd3 Rxc1 27. Bxc1 Bxd3 28. Qxd3 Ne4 29. Be3 Rf8 30. Rf1 h5
31. Qb5 Qd8 32. h4 Qxh4 33. Qxb6 Qf6 34. Qxa5 Ng3 35. Re1 Ne4 36. Rf1 Ng3=
1/2-1/2

[Event "Bye 2011"]
[Site "SchemingMind.com"]
[Date "2011.12.24"]
[Round "-"]
[White "ampp"]
[Black "Vladimir2011"]
[Result "0-1"]
[WhiteCountry "POR"]
[BlackCountry "BLR"]
[WhiteElo "1235"]
[WhiteRD "75"]
[BlackElo "1979"]
[BlackRD "111"]
[GameID "299488"]

1. e4 d5 2. exd5 Qxd5 3. Nc3 Qa5 4. Nf3 Bg4 5. h3 Bh5 6. Be2 e6 7. O-O Nd7 8. d3 Bd6 9. Bd2 Qb6 10. b3 Ne7
11. Ne4 f5 12. Nxd6+ cxd6 13. c4 h6 14. Rb1 g5 15. Be3 Qa6 16. a4 f4 17. Bd2 Nf5 18. g4 fxg3 19. fxg3 Nxg3 20. Rf2 O-O
21. Kg2 Nxe2 22. Qxe2 Ne5 23. Kg3 Bxf3 24. Qe3 Rf6 25. Bc3 Raf8 26. Bxe5 dxe5 27. Qxe5 Rf5 28. Qe1 Qd6+
0-1

[Event "Bye 2011"]
[Site "SchemingMind.com"]
[Date "2011.12.22"]
[Round "-"]
[White "BlueMooner"]
[Black "cedriczg"]
[Result "1-0"]
[WhiteCountry "ENG"]
[BlackCountry "URU"]
[WhiteElo "1983"]
[WhiteRD "87"]
[BlackElo "1688"]
[BlackRD "112"]
[GameID "299598"]

1. e4 e5 2. Nf3 Nc6 3. Bb5 Nd4 4. Nxd4 exd4 5. O-O Bc5 6. c3 Ne7 7. cxd4 Bxd4 8. Nc3 O-O 9. Bc4 b6 10. Ne2 Nc6
11. Bd5 Bf6 12. d4 Bb7 13. f4 Na5 14. Bxb7 Nxb7 15. e5 Bh4 16. Nc3 d6 17. Qf3 Rb8 18. Be3 Qd7 19. Ne4 d5 20. Nc3 c6
21. Qh5 Be7 22. f5 g6 23. Qh6 gxf5 24. Rf3 Qe6 25. Rg3+ Qg6 26. Rxg6+ fxg6 27. Rf1 Nd8 28. Bg5 Bxg5 29. Qxg5 Ne6 30. Qh6 Nxd4
31. Qh4 Ne6 32. Qa4 b5 33. Qxa7 b4 34. Ne2 Rfe8 35. g3 Ng5 36. Nd4 Rbc8 37. Qb7 Nf7 38. Nxc6 Nxe5 39. Nxe5
1-0

[Event "Bye 2011"]
[Site "SchemingMind.com"]
[Date "2011.12.22"]
[Round "-"]
[White "cedriczg"]
[Black "BlueMooner"]
[Result "1-0"]
[WhiteCountry "URU"]
[BlackCountry "ENG"]
[WhiteElo "1700"]
[WhiteRD "105"]
[BlackElo "1913"]
[BlackRD "90"]
[GameID "299600"]

1. c4 e6 2. Nc3 d5 3. d4 c6 4. Nf3 Nf6 5. Bg5 h6 6. Bh4 dxc4 7. e4 g5 8. Bg3 b5 9. Be2 Bg7 10. O-O Bb7
11. e5 Nh5 12. Ne4 Nxg3 13. Nd6+ Kf8 14. fxg3 Ba6 15. Nxg5
1-0

[Event "Bye 2011"]
[Site "SchemingMind.com"]
[Date "2011.12.29"]
[Round "-"]
[White "harmy"]
[Black "ArtistDude"]
[Result "1-0"]
[WhiteCountry "USA"]
[BlackCountry "USA"]
[WhiteElo "2003"]
[WhiteRD "108"]
[BlackElo "1855"]
[BlackRD "91"]
[GameID "299996"]

1. d4 Nf6 2. c4 c5 3. d5 b5 4. cxb5 a6 5. f3 e6 6. e4 exd5 7. e5 Qe7 8. Qe2 Ng8 9. Nc3 Bb7 10. Nh3 c4
11. Nf4 Qc5 12. Nfxd5 Bxd5 13. Be3 Qb4 14. a3 Qa5 15. Bd2 axb5 16. Nxd5 Qd8 17. Nc3 b4 18. Nb5 bxa3 19. Nd6+ Bxd6 20. exd6+ Kf8
21. Bc3 Nf6 22. bxa3 Nc6 23. Qxc4 Qb6 24. Be2 Qe3 25. a4 Re8 26. a5 Nd5 27. Bd2 Qd4 28. Rc1 Ne3 29. Qxd4 Nc2+ 30. Kf2 N2xd4
31. Bc4 h5 32. Rhe1 Ra8 33. Re4 f5 34. Rxd4 Nxd4 35. Bd5 Nc6 36. Bg5 Ra6 37. Bxc6 dxc6 38. d7 Kf7 39. d8=Q Rxd8 40. Bxd8 Rxa5
41. Bxa5
1-0

[Event "Bye 2011"]
[Site "SchemingMind.com"]
[Date "2011.12.29"]
[Round "-"]
[White "Clive Everill"]
[Black "freetotax2005"]
[Result "1-0"]
[WhiteCountry "CZE"]
[BlackCountry "BEL"]
[WhiteElo "1733"]
[WhiteRD "56"]
[BlackElo "1495"]
[BlackRD "164"]
[GameID "299997"]

1. e4 c5 2. Nf3 Nc6 3. Nc3 e6 4. d4 cxd4 5. Nxd4 a6 6. g3 Bb4 7. Bg2 Qc7 8. O-O Nge7 9. Nce2 O-O 10. c3 Bc5
11. Be3 d6 12. Kh1 b5 13. b4 Bb6 14. a4 Nxd4 15. Bxd4 Bb7 16. a5 Bxd4 17. Qxd4 d5 18. exd5 Nxd5 19. Rac1 Rfd8 20. Qh4 Rac8
21. Be4 f5 22. Bg2 e5 23. Rfd1 Nf6 24. f3 Rxd1+ 25. Rxd1 Rd8 26. Rxd8+ Qxd8 27. Qg5 Qd1+ 28. Ng1 Qd3 29. Qc1 e4 30. Bf1 Qd5
31. Bg2
1-0

[Event "Bye 2011"]
[Site "SchemingMind.com"]
[Date "2011.12.29"]
[Round "-"]
[White "ArtistDude"]
[Black "harmy"]
[Result "0-1"]
[WhiteCountry "USA"]
[BlackCountry "USA"]
[WhiteElo "1855"]
[WhiteRD "91"]
[BlackElo "2003"]
[BlackRD "108"]
[GameID "300000"]

1. e4 e5 2. f4 exf4 3. Nf3 g5 4. h4 g4 5. Ne5 Nf6 6. Bc4 d5 7. exd5 Bd6 8. d4 Nh5 9. O-O O-O 10. Nxg4 Qxh4
11. Nh2 Ng3 12. Re1 f3 13. Nxf3 Qh1+ 14. Kf2 Ne4+ 15. Ke3 Qh6+ 16. Kd3 Qg6 17. Rxe4 Bf5 18. Nbd2 Re8 19. Kc3 Rxe4 20. Nxe4 Bxe4
21. Qh1 a5 22. Ne1 Bb4+ 23. Kb3 Qb6 24. a3 Bxe1+ 25. Ka2 Qxd4 26. b3 Bc3 27. d6 Nc6 28. Bxf7+ Kh8 29. Bb2 Nb4+ 30. axb4 axb4+
31. Kb1 Bxc2+ 32. Kxc2 Qd2+ 33. Kb1 Qxb2#
0-1

[Event "Bye 2011"]
[Site "SchemingMind.com"]
[Date "2011.12.29"]
[Round "-"]
[White "freetotax2005"]
[Black "Clive Everill"]
[Result "0-1"]
[WhiteCountry "BEL"]
[BlackCountry "CZE"]
[WhiteElo "1495"]
[WhiteRD "164"]
[BlackElo "1733"]
[BlackRD "56"]
[GameID "300001"]

1. e4 e6 2. d4 d5 3. Nc3 Bb4 4. exd5 exd5 5. Nf3 Nf6 6. Bd3 O-O 7. O-O Bg4 8. Bg5 Be7 9. Re1 c6 10. h3 Be6
11. a4 Nbd7 12. Bf4 Nh5 13. Bh2 g6 14. Qd2 Bf6 15. Ne5 Nxe5 16. dxe5 Bh8 17. f4 f5 18. Qf2 Qb6 19. Qxb6 axb6 20. Ne2 c5
21. Nc3 c4 22. Be2 Ng7 23. Red1 Rfd8 24. Rd4 Rd7 25. Bf3 Ne8 26. Rad1 Nc7 27. Nxd5 Nxd5 28. Bxd5 Bxd5
0-1

[Event "Bye 2011"]
[Site "SchemingMind.com"]
[Date "2011.12.31"]
[Round "-"]
[White "Mariazb"]
[Black "kenneth m day"]
[Result "1-0"]
[WhiteCountry "ARG"]
[BlackCountry "USA"]
[WhiteElo "2327"]
[WhiteRD "96"]
[BlackElo "1866"]
[BlackRD "52"]
[GameID "300063"]

1. d4 e6 2. c4 Nf6 3. Nc3 Bb4 4. Qc2 d5 5. cxd5 exd5 6. Nf3 O-O 7. Bg5 Bg4 8. Ne5 Be6 9. e3 Nbd7 10. Bd3 h6
11. Bh4 Be7 12. Nxd7 Qxd7 13. O-O Rac8 14. Rac1 Bg4 15. h3 Bh5 16. Bxf6 Bxf6 17. Bf5 Qd6 18. Bxc8 Rxc8 19. Qf5 Rd8 20. Qxh5 c6
21. e4 dxe4 22. Nxe4 Qxd4 23. Nxf6+ Qxf6 24. Rfd1
1-0

[Event "Bye 2011"]
[Site "SchemingMind.com"]
[Date "2012.01.03"]
[Round "-"]
[White "lennart"]
[Black "maro"]
[Result "1-0"]
[WhiteCountry "SWE"]
[BlackCountry "MEX"]
[WhiteElo "1517"]
[WhiteRD "51"]
[BlackElo "1385"]
[BlackRD "55"]
[GameID "300065"]

1. e4 e5 2. Nf3 Nc6 3. Nc3 Bc5 4. a3 Bd4 5. Nd5 Nf6 6. Nxf6+ Qxf6 7. c3 Bc5 8. Bc4 O-O 9. O-O d6 10. b4 Bb6
11. d3 h6 12. a4 a5 13. b5 Ne7 14. d4 exd4 15. cxd4 c6 16. Ra3 d5 17. exd5 cxd5 18. Bd3 Bxd4 19. Nxd4 Qxd4 20. Re1 Ng6
21. Re2 Nf4 22. Bxf4 Qxf4 23. h3 Bd7 24. Bc2 d4 25. Rf3 Qc7 26. Qxd4 b6 27. Bb3 Be6 28. Bxe6 fxe6 29. Rc3 Qe7 30. Qxb6 Qb4
31. Rg3 Qxa4 32. Qxe6+ Kh8 33. Qd7 Qa1+ 34. Kh2 Qb1 35. Qxg7#
1-0

[Event "Bye 2011"]
[Site "SchemingMind.com"]
[Date "2011.12.30"]
[Round "-"]
[White "kenneth m day"]
[Black "Mariazb"]
[Result "0-1"]
[WhiteCountry "USA"]
[BlackCountry "ARG"]
[WhiteElo "1872"]
[WhiteRD "55"]
[BlackElo "2230"]
[BlackRD "117"]
[GameID "300068"]

1. e4 c6 2. d4 d5 3. exd5 cxd5 4. Bd3 Nc6 5. c3 Nf6 6. Bf4 e6 7. Nf3 Bd6 8. Ne5 Qc7 9. Qe2 Nd7 10. Nd2 Ndxe5
11. dxe5 Bxe5 12. Bg5 h6 13. Be3 O-O 14. Nf3 Bd6 15. O-O-O e5 16. Bc2 Be6 17. Kb1 d4 18. cxd4 Nb4 19. dxe5 Bxa2+ 20. Kc1 Rac8
21. Rd2 Qa5 22. Bd4 Bb3 23. Bc3 Qa1+ 24. Bb1 Na2#
0-1

[Event "Bye 2011"]
[Site "SchemingMind.com"]
[Date "2012.01.04"]
[Round "-"]
[White "maro"]
[Black "lennart"]
[Result "0-1"]
[WhiteCountry "MEX"]
[BlackCountry "SWE"]
[WhiteElo "1385"]
[WhiteRD "55"]
[BlackElo "1517"]
[BlackRD "51"]
[GameID "300070"]

1. e4 e5 2. d4 exd4 3. Qxd4 Nc6 4. Qe3 d6 5. Be2 Be6 6. h3 Qf6 7. Qf4 Qd4 8. c3 Qb6 9. b4 Nf6 10. Be3 Nd4
11. Bxd4 Qc6 12. Bxf6 gxf6 13. Qxf6 Rg8 14. b5 Qxe4 15. f3 Qe3 16. Nd2 Rxg2 17. O-O-O Bxa2 18. Kc2 Bg7 19. Qh4 Qxc3#
0-1

[Event "Bye 2011"]
[Site "SchemingMind.com"]
[Date "2012.01.05"]
[Round "-"]
[White "Mekk"]
[Black "John Galvin"]
[Result "0-1"]
[WhiteCountry "POL"]
[BlackCountry "USA"]
[WhiteElo "1908"]
[WhiteRD "92"]
[BlackElo "2311"]
[BlackRD "57"]
[GameID "300209"]

1. c4 b6 2. Nf3 Bb7 3. d4 Nf6 4. Nc3 e6 5. Bf4 Bb4 6. a3 Bxc3+ 7. bxc3 O-O 8. e3 d6 9. Bd3 Nbd7 10. O-O e5
11. dxe5 Bxf3 12. Qxf3 Nxe5 13. Bxe5 dxe5 14. Rfd1 Qe7 15. Qh3 Rad8 16. Be2 Rxd1+ 17. Bxd1 Rd8 18. Bc2 g6 19. g4 Rd2 20. Bd1 Ne4
21. f4 exf4 22. exf4 Qc5+
0-1

[Event "Bye 2011"]
[Site "SchemingMind.com"]
[Date "2011.12.31"]
[Round "-"]
[White "vickyngo"]
[Black "carda"]
[Result "1-0"]
[WhiteCountry "VEN"]
[BlackCountry "SVK"]
[WhiteElo "2543"]
[WhiteRD "86"]
[BlackElo "1658"]
[BlackRD "83"]
[GameID "300212"]

1. e4 e6 2. d4 d5 3. Nd2 Nc6 4. Ngf3 Nf6 5. e5 Nd7 6. Nb3 Nb6 7. c3 Bd7 8. Bd3 Qe7 9. Nc5 Na5 10. a4 f6
11. O-O O-O-O 12. b4 Nac4 13. a5 Na8 14. Bxc4 dxc4 15. d5 exd5 16. Re1 Bg4 17. h3 Bh5 18. g4 Bg6 19. a6 b6 20. exf6 Qxf6
21. Bg5 Qxc3 22. Bxd8 Kxd8 23. Qxd5+ Bd6 24. Qxa8#
1-0

[Event "Bye 2011"]
[Site "SchemingMind.com"]
[Date "2012.01.05"]
[Round "-"]
[White "John Galvin"]
[Black "Mekk"]
[Result "1-0"]
[WhiteCountry "USA"]
[BlackCountry "POL"]
[WhiteElo "2311"]
[WhiteRD "57"]
[BlackElo "1908"]
[BlackRD "92"]
[GameID "300216"]

1. e4 e6 2. d4 d5 3. e5 c5 4. c3 Nc6 5. Nf3 Bd7 6. Be2 Rc8 7. O-O cxd4 8. cxd4 Nge7 9. Nc3 Nf5 10. Be3 Nxe3
11. fxe3 Be7 12. Bd3 Qb6 13. Na4 Qa5 14. Rc1 O-O 15. Nc5 Qc7 16. a3 b6 17. Nxd7 Qxd7 18. Ba6 Rc7 19. Qc2 Rfc8 20. Bxc8 Rxc8
21. g3 a6 22. Qe2 Na5 23. Qxa6 Rxc1 24. Rxc1 Nc4 25. b3 Nxe3 26. Rc8+ Bf8 27. Qa8 Qe7 28. Re8
1-0

[Event "Bye 2011"]
[Site "SchemingMind.com"]
[Date "2011.12.31"]
[Round "-"]
[White "carda"]
[Black "vickyngo"]
[Result "0-1"]
[WhiteCountry "SVK"]
[BlackCountry "VEN"]
[WhiteElo "1658"]
[WhiteRD "83"]
[BlackElo "2543"]
[BlackRD "86"]
[GameID "300219"]

1. d4 Nf6 2. Nf3 e6 3. Bg5 c5 4. Bxf6 Qxf6 5. Nc3 cxd4 6. Nxd4 Nc6 7. Ndb5 Qe5 8. e3 a6 9. Nd4 d5 10. Bd3 Nxd4
11. O-O Bd6 12. g3 Nc6 13. Re1 Qf6 14. e4 d4 15. Na4 Bc7 16. Nc5 h5 17. f4 Qe7 18. Nb3 h4 19. g4 Bxf4 20. Qf3 Be3+
21. Kh1 Ne5 22. Qh3 Qg5 23. Be2 Bd7 24. Rad1 Bc6 25. Nxd4 Bxe4+ 26. Bf3 Nxf3 27. Nxf3 Qf4 28. Rf1 Rc8 29. c3 Rh6 30. a3 Rg6
31. Qg2 Rxg4 32. Qe2 h3 33. Rde1 Rg1+
0-1

[Event "Bye 2011"]
[Site "SchemingMind.com"]
[Date "2012.01.01"]
[Round "-"]
[White "jtrochez1"]
[Black "e_safarz"]
[Result "0-1"]
[WhiteCountry "HON"]
[BlackCountry "CAN"]
[WhiteElo "1626"]
[WhiteRD "49"]
[BlackElo "2390"]
[BlackRD "63"]
[GameID "300303"]

1. e4 c5 2. Bc4 e6 3. Nf3 a6 4. O-O b5 5. Be2 Bb7 6. d3 Nc6 7. c3 d5 8. e5 Nge7 9. d4 cxd4 10. cxd4 Nf5
11. a3 Qb6 12. Be3 Be7 13. Nc3 O-O 14. Bd3 Nxe3 15. fxe3 Na5 16. Nd2 Nc4 17. Rb1 Nxe3 18. Qh5 g6 19. Qh6 Qxd4 20. Nf3 Qxd3
21. Rf2 Ng4 22. Qd2 Nxf2 23. Qxd3 Nxd3 24. b4 Rac8
0-1

[Event "Bye 2011"]
[Site "SchemingMind.com"]
[Date "2012.02.14"]
[Round "-"]
[White "Vladimir2011"]
[Black "e_safarz"]
[Result "0-1"]
[WhiteCountry "BLR"]
[BlackCountry "CAN"]
[WhiteElo "2063"]
[WhiteRD "99"]
[BlackElo "2443"]
[BlackRD "66"]
[GameID "303389"]

1. d4 Nf6 2. c4 e6 3. Nf3 b6 4. a3 Ba6 5. Qc2 Bb7 6. Nc3 c5 7. Bf4 cxd4 8. Nxd4 Nh5 9. Bxb8 Qxb8 10. e4 Bc5
11. Nb3 Be7 12. O-O-O d6 13. Kb1 O-O 14. f4 Nxf4 15. g3 Ng6 16. h4 Rc8 17. h5 Ne5 18. h6 g6 19. Rd4 Ba6 20. Nd2 Bg5
21. b3 Qc7 22. Be2 Qc5 23. Rd3 Nxd3 24. Qxd3 Qxa3 25. Kc2 b5 26. Qd4 e5 27. Qd5 Bxd2 28. Qxd2 bxc4
0-1

[Event "Bye 2011"]
[Site "SchemingMind.com"]
[Date "2012.02.14"]
[Round "-"]
[White "e_safarz"]
[Black "Vladimir2011"]
[Result "1-0"]
[WhiteCountry "CAN"]
[BlackCountry "BLR"]
[WhiteElo "2411"]
[WhiteRD "68"]
[BlackElo "2070"]
[BlackRD "100"]
[GameID "303394"]

1. e4 g6 2. d4 Bg7 3. f4 c5 4. c3 cxd4 5. cxd4 Qb6 6. Nf3 Nf6 7. Nc3 O-O 8. e5 Ne8 9. Be3 Qxb2 10. Na4 Qa3
11. Bc1 Qb4+ 12. Bd2 Qa3 13. Rc1 b5 14. Rxc8 bxa4 15. Qb1 Nd6 16. Rc3 Qxc3 17. Bxc3 Nc6 18. exd6 exd6 19. Kf2
1-0

[Event "Bye 2011"]
[Site "SchemingMind.com"]
[Date "2012.02.16"]
[Round "-"]
[White "Juan Jose Rivas Maceda"]
[Black "John Galvin"]
[Result "1-0"]
[WhiteCountry "PER"]
[BlackCountry "USA"]
[WhiteElo "2367"]
[WhiteRD "142"]
[BlackElo "2310"]
[BlackRD "56"]
[GameID "303507"]

1. e4 c5 2. Nc3 Nc6 3. f4 e6 4. Nf3 a6 5. d4 d5 6. exd5 exd5 7. dxc5 Bxc5 8. Qxd5 Qe7+ 9. Qe4 Be6 10. Bd3 Rd8
11. Qe2 Nb4 12. Ne4 Nxd3+ 13. cxd3 Nh6 14. Nxc5 Qxc5 15. Ng5 O-O 16. Nxe6 fxe6 17. Be3 Qf5 18. O-O-O Ng4 19. Kb1 Rd6 20. Bc1 Nf6
21. Rhf1 Nd5 22. g4 Qf6 23. f5 exf5 24. Rxf5 Qe7 25. Rxf8+ Kxf8 26. Rf1+ Ke8 27. Qc2 Ne3 28. Bxe3 Qxe3 29. Qc8+ Rd8 30. Rf8+ Kxf8
31. Qxd8+ Kf7 32. Qd7+
1-0

[Event "Bye 2011"]
[Site "SchemingMind.com"]
[Date "2012.02.16"]
[Round "-"]
[White "harmy"]
[Black "Scooter"]
[Result "0-1"]
[WhiteCountry "USA"]
[BlackCountry "USA"]
[WhiteElo "1979"]
[WhiteRD "109"]
[BlackElo "1790"]
[BlackRD "53"]
[GameID "303508"]

1. d4 Nf6 2. c4 e6 3. Nc3 Bb4 4. a3 Bxc3+ 5. bxc3 d5 6. e3 O-O 7. Bd3 c5 8. Ne2 cxd4 9. exd4 dxc4 10. Bxc4 a6
11. Bg5 b5 12. Bb3 Bb7 13. Nf4 h6 14. h4 Qc7 15. Qd3 hxg5 16. Nxe6 Re8 17. hxg5 Nbd7 18. Qh3 fxe6 19. gxf6 Nxf6 20. Bxe6+ Kf8
21. Qh8+ Ke7 22. Qxg7+ Kd6 23. Qg3+ Kc6 24. Qe3 Qd6 25. d5+ Nxd5 26. Bxd5+ Qxd5 27. Rh6+ Kc7 28. Rh7+ Kd8 29. Rd1 Qxd1+ 30. Kxd1 Rxe3
31. fxe3 Bxg2 32. Kd2 Rc8 33. Ra7 Rc6 34. Kc2 Rb6 35. Rg7 Be4+ 36. Kb3 Bd5+ 37. Kb4 Rc6 38. Rg4 Kc7 39. Rf4 Kb6 40. a4 a5+
41. Ka3 Rxc3+ 42. Kb2 Rxe3 43. axb5 Kxb5 44. Rf5 Kc4 45. Rf4+ Be4
0-1

[Event "Bye 2011"]
[Site "SchemingMind.com"]
[Date "2012.02.16"]
[Round "-"]
[White "docjan"]
[Black "lennart"]
[Result "1-0"]
[WhiteCountry "SWE"]
[BlackCountry "SWE"]
[WhiteElo "2378"]
[WhiteRD "59"]
[BlackElo "1577"]
[BlackRD "53"]
[GameID "303513"]

1. e4 e5 2. f4 exf4 3. Nf3 Qf6 4. Bc4 h6 5. d4 d6 6. Nc3 Bg4 7. Nd5 Qd8 8. Bxf4 Nd7 9. O-O c6 10. Ne3 Bxf3
11. Qxf3 f6 12. Qh5+
1-0

[Event "Bye 2011"]
[Site "SchemingMind.com"]
[Date "2012.02.17"]
[Round "-"]
[White "wiktor"]
[Black "Mariazb"]
[Result "0-1"]
[WhiteCountry "POL"]
[BlackCountry "ARG"]
[WhiteElo "1579"]
[WhiteRD "82"]
[BlackElo "2274"]
[BlackRD "102"]
[GameID "303514"]

1. c4 Nf6 2. Nc3 g6 3. e4 d6 4. h3 c5 5. Nf3 Nc6 6. a3 Bg7 7. d3 O-O 8. Be2 Nd7 9. Bg5 Nde5 10. Nd5 Nxf3+
11. Bxf3 Bxb2 12. Ra2 Bg7 13. O-O h6 14. Bh4 Be6 15. Ne3 Qd7 16. Nc2 b5 17. Ne3 Rab8 18. Rc2 bxc4 19. Nxc4 Nd4 20. Rc1 f5
21. exf5 Nxf5 22. Bg3 Nxg3 23. fxg3 d5
0-1

[Event "Bye 2011"]
[Site "SchemingMind.com"]
[Date "2012.02.18"]
[Round "-"]
[White "John Galvin"]
[Black "Juan Jose Rivas Maceda"]
[Result "1/2-1/2"]
[WhiteCountry "USA"]
[BlackCountry "PER"]
[WhiteElo "2307"]
[WhiteRD "55"]
[BlackElo "2394"]
[BlackRD "109"]
[GameID "303515"]

1. e4 c5 2. c3 Nf6 3. e5 Nd5 4. Nf3 Nc6 5. Bc4 Nb6 6. Bb3 c4 7. Bc2 d5 8. exd6 e5 9. O-O Be6 10. Na3 Bxd6
11. b3 O-O 12. Re1 f6 13. Rb1 Qd7 14. bxc4 Rfd8 15. d4 Bxa3 16. Bxa3 Nxc4 17. Bc1 Qf7 18. Bd3 Rac8 19. a4 b6 20. Be4 Bd5
21. Bf5 Rc7 22. dxe5 g6 23. Bc2 N4xe5 24. Nd4 Rcd7 25. Be3 Re8 26. Ra1 Rde7 27. Bd2 Nxd4 28. cxd4 Nc6 29. Bc3 Rxe1+ 30. Bxe1 Qe7
31. f3 Kg7 32. Rc1 Qa3 33. Bf2 Nb4 34. Be4 Bxe4 35. Rc7+ Kg8 36. fxe4 Rxe4 37. h3 Nd5 38. Rxa7 Re7 39. Rxe7 Qxe7 40. Qf3 Qe6
41. g4 Kf7 42. Kh2 Qd7 43. Qe4 Qd6+ 44. Kg2 Qc6 45. Kf3 Qd7 46. Be1=
1/2-1/2